[Event "Olympiad-31"]
[Site "Moscow"]
[Date "1994.12.09"]
[Round "8.1"]
[White "Jussupow, Artur"]
[Black "Polgar, Judit"]
[Result "1-0"]
[WhiteElo "2655"]
[BlackElo "2630"]
[Annotator "Kharitonov,A"]
[PlyCount "89"]
[EventDate "1994.12.01"]
[EventType "team-swiss"]
[EventRounds "14"]
[EventCountry "RUS"]
[SourceTitle "CBM 045"]
[Source "ChessBase"]
[SourceDate "1995.04.01"]
[SourceVersion "1"]
[SourceVersionDate "1995.04.01"]
[SourceQuality "1"]
[WhiteTeam "Germany"]
[BlackTeam "Hungary"]
[WhiteTeamCountry "GER"]
[BlackTeamCountry "HUN"]

1. d4 {Hecht Ftacnik} d5 2. c4 dxc4 3. e3 Nf6 4. Bxc4 e6 5. Nf3 c5 6. O-O a6 7.
Qe2 b5 8. Bb3 Bb7 9. a4 Nbd7 (9... b4 $6 10. Rd1 Nbd7 11. Nbd2 Be7 12. Nc4 Bd5
13. Nfe5 $16 {Ionov,S-Ibragimov,I/Elista RUS-ch/1994/1:0/32/}) 10. axb5 axb5
11. Rxa8 Qxa8 12. Nc3 b4 13. Nb5 Qb8 (13... Qa5 $5 {Anakysis by Huebner in
Huebner,R-Georgiev,Ki/Moscow olm/1994/ ;CBM 45}) 14. e4 Nxe4 $6 (14... cxd4 15.
Nbxd4 $5 (15. Nfxd4 Nc5 16. e5 Nfd7 17. Bf4 Nxb3 18. Nxb3 Be7 19. Rd1 Ba6 20.
Nc7+ Qxc7 21. Qxa6 O-O 22. Nd4 Nc5 23. Qc4 $14 {Kopylov,N-Flohr,S/Moscow
URS-ch/1951/0,5/42/}) 15... Be7 (15... Bc5 $5) (15... Nc5 $6 16. Bc4 Be7 17.
Bb5+ Nfd7 18. Rd1 O-O 19. Bxd7 Nxd7 20. Nxe6 fxe6 21. Rxd7 $16 {Huebner,
R-GeorgievmKi/Koscow olm (09)/1994/1-0/ ;CBM 45}) 16. Rd1 (16. e5 Nd5 17. Rd1
O-O 18. Nf5 Bc5 19. Ng3 Bb6 $13 {Chernikov,O-Hohlovkin,G/Rostov/1961/0:1/35/})
16... Bxe4 (16... O-O 17. Nxe6) 17. Ng5 Qb7 18. Nxf7 $1 Kxf7 19. Nxe6 Bd5 20.
Ng5+ Ke8 21. Bxd5 Nxd5 22. Qe6 $40 {Uhlmann,W-Fichtl,G/Dresden/1959/1:0/57/}) (
14... Bxe4 $6 15. Ng5 Bd5 (15... Bg6 16. d5 $40) 16. Bxd5 Nxd5 17. Nxe6 fxe6
18. Qxe6+ Kd8 19. Qxd5 Qxb5 20. Bf4 $40) 15. Ng5 Bc6 (15... Nxg5 16. Bxg5 $40 (
16. Bxg5 {Ftacnik} h6 (16... Be7 17. Bxe6 $1 Bxg5 (17... fxe6 18. Qxe6 Nf6 19.
Re1 $18) 18. Bxd7+ Kxd7 19. Qg4+ Kc6 20. Qxg5 $16) 17. Bh4 (17. Bxe6 hxg5 18.
Bh3+ Kd8 $19) 17... cxd4 (17... Be7 18. Bg3 $16) 18. Bxe6 $1)) (15... Ndf6 16.
Ba4 Bc6 (16... Nxg5 17. Bxg5 Bc6 18. Bxf6 gxf6 19. d5 $1 $40) 17. Nxe4 Nxe4 18.
Nc7+ Qxc7 19. Qxe4 Bxa4 20. Qa8+ Qd8 21. Qxa4+ $40) 16. d5 $1 Bxb5 (16... exd5
17. Bxd5 $1 Bxd5 18. Nxe4 Qe5 (18... Kd8 {Ftacnik} 19. Rd1 Qe5 20. Qd3 Qxe4 21.
Qxd5 Qxd5 22. Rxd5 $44) 19. Nc7+ $1 Kd8 (19... Qxc7 20. Nd6+ Kd8 21. Qe8#) 20.
Nxd5 Qxd5 21. Rd1 $40 (21. Rd1 Qe6 22. Qf3 $40)) (16... Qxb5 {Ftacnik} 17. Bc4
Nd6 18. Bxb5 Bxb5 19. Qe3 Nf5 20. Qh3 $16) (16... Bxd5 $2 {Ftacnik} 17. Bxd5
exd5 18. f3 $16) 17. Qxe4 Nf6 (17... Bxf1 18. Nxf7 Rg8 (18... e5 {Ftacnik} 19.
Nxh8 Ba6 20. Qxh7 $16) 19. Qxe6+ Be7 20. d6 $18) (17... Qe5 18. dxe6 fxe6 19.
Qf3 $40) 18. Qe3 Bxf1 (18... Ng4 19. Qh3 Qxh2+ (19... Bxf1 20. Qxg4 $18 (20.
Nxf7 $5 {Ftacnik} Kxf7 21. Qxg4 Be7 22. Qxe6+ Ke8 23. Bg5 $16) (20. Qxg4 f5 21.
Qd1 Bb5 22. Nxe6 $40)) 20. Qxh2 Nxh2 21. Re1 Ng4 22. dxe6 f6 23. Nf7 Rg8 24. e7
Bxe7 25. Nd6+ $18) 19. Nxf7 $1 Qxh2+ (19... Kxf7 20. Qxe6+ Kg6 21. Bc2+ Kh5 22.
Qh3#) (19... Rg8 20. Ba4+ Bb5 (20... Nd7 21. Qxe6+ Be7 22. d6 $18) 21. Qxe6+
Be7 22. d6) (19... Ng4 {Ftacnik} 20. Qxe6+ Be7 21. Ba4+ Kf8 22. Nxh8 $18) 20.
Kxh2 Ng4+ 21. Kg1 Nxe3 22. Nxh8 Nxd5 $2 (22... Bxg2 $32 23. Ba4+ (23. dxe6 $6
Bd5 24. Ba4+ Ke7 25. Bxe3 Kxe6 $13) 23... Kd8 24. dxe6 Bd5 25. Nf7+ Kc7 26.
Bxe3 (26. fxe3 Bxe6 27. Ng5 $16)) (22... Bc4 $2 {Ftacnik} 23. Ba4+ $18) 23.
Ba4+ $1 $18 {Hecht: White wins with nice tactics!} (23. Kxf1 Be7 $15) 23... Ke7
24. Bg5+ Nf6 (24... Kd6 {Ftacnik} 25. Nf7+ Kc7 26. Kxf1 $18) 25. Kxf1 c4 26.
Be3 Kd6 (26... Ne4 27. Bc2 Nd6 28. Bxh7 $18) 27. Nf7+ Kd5 28. Bd1 e5 (28... c3
{Ftacnik} 29. Bb3+ Kc6 30. bxc3 bxc3 31. Nd8+ $18) 29. b3 (29. Ng5 $16 {Ftacnik
}) 29... e4 (29... cxb3 {Ftacnik} 30. Bxb3+ Ke4 31. Ke2 Kf5 32. Ng5 $18) 30. f4
$1 $18 c3 (30... Be7 31. Ne5) (30... exf3 {Ftacnik} 31. Bxf3+ Ke6 32. Ng5+ Kf5
33. bxc4 b3 34. Be2 $18) 31. Be2 Ke6 (31... c2 {Ftacnik} 32. Bc4+ Kc6 33. Ke2
$18) 32. Bc4+ Kf5 33. Ng5 {/\34.Be6 Kg6 35.g4/} Kg4 (33... h5 34. Be6+ Kg6 35.
f5+ Kh6 36. Nxe4+ $18) (33... h6 34. Be6+ (34. Ne6 $18 {Ftacnik}) 34... Kg6 35.
Nf7 $18) 34. Be6+ Kg3 35. Bf5 Bc5 36. Bxc5 Kxf4 37. Ne6+ (37. Nxe4 c2) 37...
Kxf5 38. Nd4+ Kf4 (38... Ke5 39. Nc2 $18 (39. Nc2 {Ftacnik} Nd5 40. Nxb4 (40.
Bxb4 Nxb4 41. Nxb4 Kd4 42. Ke2 $18) 40... Nxb4 41. Bxb4 c2 42. Bd2 Kd4 43. Ke2
e3 44. Bxe3+ Kc3 $16)) 39. Bxb4 Ke3 (39... Nd5 {Ftacnik} 40. Ne2+ Ke3 41. Bxc3
$18) 40. Bxc3 Nd5 41. Ne2 g5 42. b4 Kd3 43. b5 Kc4 (43... Nxc3 44. Nxc3 Kxc3
45. Ke2 $18) 44. Bd2 e3 45. Ba5 (45. Ba5 Kxb5 46. Nc3+ Nxc3 (46... Kxa5 47.
Nxd5 $18) 47. Bxc3 Kc4 48. Bf6 h6 (48... Kd3 {Ftacnik} 49. Bxg5 Kd2 50. Bh6 $18
) (48... g4 {Hecht} 49. Ke2 $18) 49. Bg7 h5 50. Bf6 g4 51. Ke2 Kd5 52. Kxe3 Ke6
53. Bd8 Kf5 54. g3 Ke5 55. Bc7+ $18) 1-0

[Event "Oberliga NRW 9495 I"]
[Site "Germany"]
[Date "1995.??.??"]
[Round "5.1"]
[White "Roeder, Mathias"]
[Black "Mainka, Gregor"]
[Result "1-0"]
[WhiteElo "2440"]
[BlackElo "2350"]
[Annotator "Konikowski,J"]
[PlyCount "45"]
[EventDate "1994.10.??"]
[EventType "team"]
[EventRounds "9"]
[EventCountry "GER"]
[SourceTitle "CBM 047"]
[Source "ChessBase"]
[SourceDate "1995.08.01"]
[SourceVersion "1"]
[SourceVersionDate "1995.08.01"]
[SourceQuality "1"]
[WhiteTeam "Aachen"]
[BlackTeam "Sodingen"]
[WhiteTeamCountry "GER"]
[BlackTeamCountry "GER"]

1. d4 d5 2. c4 dxc4 3. Nf3 a6 4. e3 Nf6 5. Bxc4 c5 6. O-O e6 7. Qe2 b5 8. Bb3 (
8. Bd3 Nc6 (8... Bb7 9. a4 b4 10. Nbd2 Nbd7 11. e4 cxd4 12. e5 Nd5 13. Nb3 Nc5
14. Nxc5 Bxc5 15. Bd2 h6 16. Rfc1 Qe7 17. a5 O-O $13 {Hort,V-Hübner,R/Biel
1987/}) 9. a4 bxa4 10. Nc3 Bb7 11. Rd1 Qc7 12. Rxa4 Nb4 13. Bb1 Be7 14. e4 cxd4
15. Nxd4 O-O $6 (15... Nd7 $5) 16. e5 Nd7 17. Bf4 Rfd8 18. Ne4 $16 {
Hertneck-Klundt/Kecskemet/1988/}) 8... Bb7 9. a4 (9. Nc3 cxd4 10. Nxd4 Be7 11.
Rd1 Qb6 12. e4 Nc6 13. Be3 Qc7 14. Rac1 Rc8 15. Nxc6 Bxc6 16. Nd5 $1 exd5 17.
exd5 Nxd5 18. Bxd5 Qb7 19. Rxc6 {1-0 Klinger-Hinterberger/Oberwart/1992/}) 9...
Nbd7 10. axb5 axb5 11. Rxa8 Qxa8 12. Nc3 b4 13. Nb5 Qb8 14. e4 cxd4 15. Nbxd4
Bc5 16. Rd1 $146 (16. e5 Nd5 17. Re1 O-O 18. Bc2 g6 19. h4 Rc8 $13 {
Kozul-Welikow/Graz/1987/}) 16... e5 $2 (16... Nxe4 17. Bxe6 fxe6 18. Nxe6 Bxf2+
19. Kh1 Ndf6 20. Qb5+ Kf7 21. Nfg5+ Nxg5 22. Nxg5+ Kg6 23. Qd3+ Kh5 24. Qf5 $40
) (16... Bxe4 $5 17. Ng5 Qb7 18. Ndxe6 fxe6 19. Bxe6 Ne5 20. Bf5 O-O (20...
Bxf5 21. Qxe5+ Be7 22. Qxf5 $18) 21. Nxe4 (21. Bxe4 Bxf2+ $1) 21... Nxe4 22.
Bxe4 Bxf2+ 23. Kh1 Qe7 24. Rd5 g6 25. Bf3 Re8 26. Qxf2 Nxf3 27. Rd1 Ne5 28. Bf4
Nc4 $10) 17. Nf5 O-O 18. Ng5 h6 $2 (18... Qc7 $142) 19. Nxf7 $1 Rxf7 20. Rxd7
$1 Nxd7 21. Qh5 Qf8 22. Nxh6+ (22. Qg6 $5) 22... gxh6 23. Bxh6 1-0

[Event "Montreal 6th"]
[Site "Montreal"]
[Date "2005.08.03"]
[Round "1"]
[White "Mikhalevski, Victor"]
[Black "Shipov, Sergei"]
[Result "1-0"]
[WhiteElo "2572"]
[BlackElo "2582"]
[Annotator "Mikhalevski,V"]
[PlyCount "87"]
[EventDate "2005.08.03"]
[EventType "tourn"]
[EventRounds "11"]
[EventCountry "CAN"]
[EventCategory "12"]
[SourceTitle "CBM 109"]
[Source "ChessBase"]
[SourceDate "2005.11.14"]
[SourceVersion "1"]
[SourceVersionDate "2005.11.14"]
[SourceQuality "1"]

{It's always important to start a tournament with the "right leg". So the
first game is always of a big importance. It was especially important for me
as the tournament which I had played just a week before I had a disastrous
perfomance in Alajuela.} 1. d4 d5 {First move and the first surprise. I
expected mainly 1...Nf6 and the Gruenfeld defense which was Sergey's main
weapon before this tournament.} 2. c4 dxc4 {An influence of WGM Matveeva.} 3.
Nf3 e6 4. e3 c5 5. Bxc4 a6 6. Bb3 Nf6 7. O-O b5 {A pet-line of GM Rublevsky.}
8. a4 b4 9. Nbd2 Be7 10. dxc5 {Being unaware of recent developments in this
line I've made this move basing on common sense.} ({For the moment the
critical line is} 10. e4 Bb7 ({In case of} 10... cxd4 {an idea of Grischuk
looks very strong.} 11. e5 Nfd7 12. Nc4 Nc6 13. Nxd4 $1 Ncxe5 14. Bf4 $1 Nxc4
15. Nc6 Qb6 16. Nxe7 Kxe7 17. Bxc4 Bb7 18. Qb3 $1 {An improvement compared
with Bologan,V-Rublevsky,S from the same tournament.} Nc5 19. Qe3 Qc6 20. f3
Rhd8 21. Rfc1 Rac8 22. Qe1 $1 Ke8 23. Bg5 Rd4 24. Be3 Rd7 25. Qxb4 $14 {
1-0 Grischuk,A-Rublevsky,S/Poikovsky RUS 2005. and White converted his
advantage into a win in style.}) 11. e5 (11. Bc2 $5 {is also interesting.} cxd4
12. e5 Nfd7 13. Ne4 Nc6 14. Bf4 Qa5 15. Nxd4 Ncxe5 16. Qh5 Nf6 17. Nxf6+ Bxf6
18. Qh3 Qc5 19. Nxe6 fxe6 20. Rac1 Qd6 21. Rfe1 Ke7 22. Qg3 Rac8 23. Rcd1 Qb6
24. Bxe5 Rxc2 25. Bxf6+ Kxf6 26. Rd6 Qxd6 27. Qxd6 Bd5 28. Qxb4 $18 {1-0 Del
Rio Angelis,S-Kharlov,A/Warsaw POL 2005/The Week in Chess 557 (67). (66)})
11... Nfd7 12. Nc4 O-O 13. Bc2 cxd4 14. Qxd4 b3 15. Bxb3 Bxf3 16. gxf3 Nc6 17.
Qe3 Qc7 18. f4 Nc5 19. Bd1 Rfd8 (19... Rad8 20. Ra3 Nd4 $2 21. Nd6 Nf5 22. Nxf5
exf5 23. Rc3 $16 {1-0 Dreev,A-Karjakin,S, Dos Hermanas 2005.}) 20. Ra3 Nb4 21.
Bd2 Rab8 $44 {1/2-1/2 Riazantsev,A-Rublevsky,S, RUS-chT Sochi 2005.}) 10... O-O
{Black is not in a hurry to recapture the pawn. His idea is to bring one of
his knights to c5.} 11. Qe2 {I've decided to keep all the options open. After
the game I realized that this move is a novelty.} ({Earlier White played} 11.
e4 {at once.} Nfd7 12. Qe2 (12. e5 Nxc5 13. Bc2 Bb7 {1/2-1/2 Kharlov,
A-Yakovich,Y/Krasnoyarsk RUS 2003.}) 12... Nxc5 13. Bc2 $2 (13. Bc4 {is better.
}) 13... a5 {1/2-1/2 Palo,D-Hansen,C/Aarhus 2003. and soon Black got the upper
hand.}) 11... Bb7 12. Bc2 Nbd7 13. e4 Nxc5 14. e5 Nfd7 {[%cal Gb7d5,Ga6a5] As
Sergey explained after the game the d5-square belongs to the light-squared
bishop.} 15. a5 $1 {[%csl Ra6,Rb4] Otherwise Black plays a5 with the very
annoying threat of Ba6.} Qc7 16. b3 {[%cal Gc1b2]} Bd5 (16... Rac8 $5) ({
The tactical trick} 16... Na4 $2 {doesn't work in view of} 17. Qd3 $1 $18) 17.
Bb2 Rac8 ({And again} 17... Na4 $2 {loses to} 18. Qd3 $1 $18) 18. Rfc1 Qb7 19.
Nc4 {[%csl Rg7][%cal Gc4d6] Both sides have completed their development and
frankly speaking I was happy about the position. My pieces look nice, while
the Nc4 is ready to jump to d6 which will force the opening of the
a1-h8-diagonal for my bishop. However after Black's reply I understood that
not everything is so bright.} Be4 $1 {[%csl Rb3] Black exchanges the
light-squared bishop in order to reduce the pressure and to weaken the b3-pawn.
} ({Fritz's proposal} 19... f6 $5 {deserves attention, but a move like this is
difficult for a human being.}) 20. Re1 $1 {I've decided to force an exchange
of bishops while keeping the queens on the board.} ({After} 20. Bxe4 Qxe4 {
I would have to trade the queens after which the b3-pawn would be vulnerable.}
21. Qxe4 Nxe4 {[%csl Rb3]}) 20... Bxc2 21. Qxc2 Rfd8 22. Re3 $5 {[%csl Rb3,Rd3]
The point behind the move is to avoid the penetration of the black pieces to
d3.} ({While} 22. Rad1 {would lead to series of exchanges which are in Black's
favour.}) 22... Nf8 23. Rc1 Ncd7 {[%cal Ge7c5]} 24. Bd4 {Looking at the
b6-square and preventing Bc5.} Ng6 {[%cal Ge7f8,Gg6e7,Ge7d5,Gg6f4,Gf4d5] Black
prepares a clever regrouping of pieces. The knight is heading to d5 via e7.}
25. g3 {Preventing Nf4-d5.} h6 26. Qb2 Rc6 {Black moves the rook away from a
fork on d6 after Bf8 followed by Ne7.} 27. h4 {Probably somewhere here I have
to look for an improvement.} Bf8 28. Rd1 {[%csl Rd8][%cal Gd4b6] My idea is to
exploit the pin along the d-file by means of Bb6.} Ne7 $1 {Black ignores a
threat of Bb6 and this is good so. After two-three active moves the white
pieces will be stuck in Black's camp.} (28... Nc5 29. Qe2) 29. Bb6 Rb8 ({
Black could sacrifice an exchange by means of} 29... Rdc8 $5 30. Nd6 (30. Nd4
$5) 30... Rxd6 31. exd6 Nd5 32. Red3 N7xb6 33. axb6 Bxd6 34. Nd2 Rc3 35. Ne4
Rxd3 36. Rxd3 Qxb6 37. Qd4 {with an approximately equal position while two
pawns compensate an exchange.}) 30. Nd6 $6 {Probably this natural move is an
inaccuracy.} ({I had to opt for the quiet} 30. Nd4 {which leads to equality
after} Nd5 $1 31. Nxc6 Nxe3 32. Bxe3 Qxc6 $11) 30... Qa8 {I have to say that
both sides already were short on time.} ({Also after} 30... Rxd6 $5 31. exd6
Nd5 32. Red3 (32. Rxd5 $5 Qxd5 33. Bc7 Rb5 34. Qe2 $13) 32... N7xb6 33. axb6
Bxd6 34. Ne5 Bxe5 35. Qxe5 Qxb6 $44 {Black obtains at least sufficient
compensation for the sacrificed exchange.}) 31. Nd4 {The rook is almost traped,
but...} Rc3 {A temporary sacrifice of a pawn.} (31... Nd5 $5 {is also playable
thanks to a brilliant manoeuvre of the knight.} 32. Nxc6 Nxe3 33. Rc1 (33. Bxe3
Qxc6 $11) 33... Nd1 $1 {[%cal Gd1c3] An easy-to-miss move.} 34. Qc2 Nc3 $1 {
Black sacrifices an exchange, but develops a strong intiative.} 35. Nxb8 Nxe5 {
with big complications.}) 32. Rxc3 {I have no choice, but to accept it.} bxc3
33. Qxc3 Nxb6 $2 ({It would be much better to start with} 33... Nd5 34. Qe1
N7xb6 (34... Bxd6 35. exd6 N5xb6 36. axb6 Qd5 37. b4 Nxb6 38. Nc2 $13) 35. axb6
Rxb6 36. Nc4 Rb8 $15 {and Black is slightly better.}) 34. axb6 Rxb6 $6 ({
And again} 34... Nd5 $1 {was better.} 35. Qc5 ({A beautiful queen sacrifice} 
35. Qc8 $6 {doesn't reach the goal in view of} Rxc8 36. b7 Bxd6 $1 37. bxa8=Q
Rxa8 38. exd6 Rd8 39. Nf5 Kf8 {[%csl Rd6] and Black is better.}) 35... Rxb6 36.
Rc1 Rb8 $11) 35. Qc7 $1 $14 {[%csl Rf7] Sergey missed this move, but he still
could hold the position.} Rb4 (35... Qb8 $5 36. Rc1 Qxc7 37. Rxc7 Nd5 38. Rc8
Rb4 39. Nc4 {and Black should be able to equalize.}) 36. Qd7 {[%csl Rg8][%cal
Gd6f7]} Rb8 $2 {Resignation. After this move there is no escape.} ({After the
correct} 36... Qd5 $1 {[%cal Gd5e6] White has nothing better than} 37. Qe8 {
[%csl Rf7]} Rxd4 38. Rxd4 Qxd4 39. Qxf7+ Kh7 40. Qxf8 Ng6 {[%cal Gg6e5]} 41.
Qa8 Nxe5 $1 (41... Qxe5 42. Qxa6 $16) 42. Qe4+ Qxe4 43. Nxe4 Nf3+ $1 44. Kg2
Nd4 45. Nc5 a5 $11 {with a most likely draw.}) {[%tqu "En","","","","d6f7","A
simple, but nice tactical blow.",10]} 37. Nxf7 $1 $18 {[%csl Re6] A simple,
but nice tactical blow.} Qd5 {Black is looking for escape in the endgame, but
it's already too late.} ({Accepting the sacrifice is also bad.} 37... Kxf7 38.
Qxe6+ Ke8 39. Nf5 {with a decisive attack.} Qc6 (39... Qf3 40. Rd7 $1 Qxf5 41.
Rxe7+ Bxe7 42. Qxf5 $18) 40. Nd6+ Kd8 41. Rd4 $3 $18 {[%csl Rf8][%cal Gd4f4,
Gf4f8,Gd4c4] A very strong quiet move which ends the game. White threatens
Rf4xf8 while Black can do nothing about it since the king can't come to the
c-file in view of Rc4.}) 38. Qxd5 Nxd5 39. Nd6 {Now the e6-pawn is also weak.}
Be7 $6 (39... Nc7 40. Rc1 Rb4 {would be a better practical chance.}) 40. Nxe6
Nc3 41. Rd3 Ne2+ (41... Rxb3 42. Kg2 a5 43. Nd4 Ra3 44. Nc6 (44. Nc4 $5 $18)
44... Bf8 45. Nc4 $18) 42. Kf1 Nc1 43. Rc3 Nxb3 44. Rc7 {So this first game
ended up luckily for me and it gave me a push for the rest of the tournament.}
(44. Rc7 {White fully dominates. It turns out that Black can't even save the
bishop. F.e.} Bxd6 (44... Bf8 45. Nxf8 Rxf8 46. e6 {and White wins at least
the rook.}) 45. exd6 $18 {and the d-pawn is unstoppable.}) 1-0

[Event "Tbilisi zt (Women)"]
[Site "Tbilisi"]
[Date "1999.??.??"]
[Round "9"]
[White "Lomineishvili, Maia"]
[Black "Danielian, Elina"]
[Result "1-0"]
[WhiteElo "2375"]
[BlackElo "2353"]
[Annotator "Petronic,J"]
[PlyCount "93"]
[EventDate "1999.05.07"]
[EventType "swiss"]
[EventRounds "9"]
[EventCountry "GEO"]
[SourceTitle "EXT 2001"]
[Source "ChessBase"]
[SourceDate "2000.11.22"]
[SourceVersion "1"]
[SourceVersionDate "2000.11.22"]
[SourceQuality "1"]

1. d4 d5 2. c4 dxc4 3. Nf3 Nf6 4. e3 e6 5. Bxc4 c5 6. O-O a6 7. Bb3 b5 8. a4 b4
9. Nbd2 Bb7 10. Nc4 Be7 11. Qe2 O-O 12. Rd1 Qc7 13. Bd2 Nbd7 14. Rac1 Bd5 15.
Be1 Rac8 16. Nfe5 cxd4 17. exd4 Qd8 18. Ba2 Rc7 19. b3 Qb8 20. Bb1 Rfc8 21. Bd2
Ba8 22. Bf4 Qb7 23. Nf3 Nd5 24. Bxc7 Qxc7 25. Nfe5 N7f6 26. Qd2 Nc3 27. Re1
Nfd5 28. Be4 Qd8 29. Nf3 Nxe4 30. Rxe4 Nc3 31. Ree1 Bxf3 32. gxf3 Bf6 33. Ne5
Qd5 34. Qf4 Qxb3 35. Kh1 Qxa4 36. Rg1 Bxe5 37. dxe5 g6 38. h4 h5 39. Qf6 Qd7
40. Rc2 Nd5 41. Rxc8+ Qxc8 $17 42. Qg5 a5 $2 43. Qxh5 Qc2 (43... Qc3 $17) 44.
Qg4 a4 $2 (44... Qxf2 45. h5 Qe3 $140 46. hxg6 $4 Qh6+ 47. Kg2 Ne3+ $19) 45. h5
Qf5 46. Qh4 (46. hxg6 Qxg4 47. gxf7+ Kxf7 48. fxg4 a3 $19 (48... b3 $19)) 46...
Qxh5 $4 (46... Qxf3+ 47. Kh2 Kg7 $17) 47. Qxh5 $18 {the game was later ruled 0:
0 because of suspicion of a staged result by the main arbiter Nana Alexandria!}
1-0